Normale Ansicht MARC-Ansicht ISBD

Konflikte im Kreml : (Titelsatznr. 33592)

[ MARC ]
MARC-Details
000 -Satzkennung
Kontrollfeld mit fester Länge 00732nam a22002651c 4500
001 - Kontrollnummer
Kontrollfeld a987680135
008 - Feld mit fester Länge zur physischen Beschreibung - Allgemeine Angaben
Kontrollfeld mit fester Länge 170505s1999 gw |||| 000u ger d
020 ## - Internationale Standardbuchnummer
Internationale Standardbuchnummer 3442755611
Verknüpfung 3-442-75561-1
041 ## - Sprachcode
Sprachcode des Textes/der Tonspur oder des separaten Titels ger
040 ## - Katalogisierungsquelle
Übertragungsstelle RU-10907106
003 - Kontrollnummer Identifier
Kontrollfeld RU-10907106
100 1# - Haupteintragung - Personenname
Personenname Falin, Valentin M.
245 00 - Titel
Titel Konflikte im Kreml :
Zusatz zum Titel zur Vorgeschichte der deutschen Einheit und Auflösung der Sowjetunion
250 ## - Ausgabebezeichnung
Ausgabebezeichnung Erw. Neuausgabe
264 ## - Produktion, Veröffentlichung, Distribution, Herstellung und Urheberrechtsvermerk
Herstellungs-, Veröffentlichungs- Vertriebs-, Erzeugungsort München :
Produzent, Herausgeber, Distributor, Hersteller Siedler,
Datum der Herstellung, der Veröffentlichung, des Vertriebs oder des Urheberschutzvermerks 1999
300 ## - Physische Beschreibung
Umfang 348 Seiten
600 #0 - Nebeneintragung unter einem Schlagwort - Personenname
Personenname Gorbačev, Michail
600 #0 - Nebeneintragung unter einem Schlagwort - Personenname
Personenname Falin, Valentin Michailovic
648 #0 - Nebeneintragung unter einem Schlagwort - Zeitschlagwort
Zeitschlagwort 1986-1991
650 #0 - Nebeneintragung unter einem Schlagwort - Sachschlagwort
Sachschlagwort oder geografischer Name als Eintragungselement Außenpolitik
650 #0 - Nebeneintragung unter einem Schlagwort - Sachschlagwort
Sachschlagwort oder geografischer Name als Eintragungselement Deutsche Frage
650 #0 - Nebeneintragung unter einem Schlagwort - Sachschlagwort
Sachschlagwort oder geografischer Name als Eintragungselement Perestroika
651 #0 - Nebeneintragung unter einem Schlagwort - Geografischer Name
Geografischer Name Sowjetunion
942 ## - Zusätzliche Felder (Koha)
Koha-Medientyp Monographien
Exemplare
Ausgeschieden Verloren Klassifikation oder Aufstellungssystematik Beschädigt Nicht entleihbar Heimatbibliothek Aufenthaltsbibliothek Aufstellungsort Erwerbungsdatum Inventarnummer Signatur Barcode Letzte Aktivität Preis gültig von Koha-Medientyp
    Andere/Generische Klassifikation     MWN Osteuropa MWN Osteuropa Magazin - 2 05/05/2017 17-02137 R 65 b Fal E004015073F7F336 23/02/2021 22/03/2021 Monographien